00374nam a2200145Ia 4500008004100000020001500041041001200056082001600068100001500084245006700099260002500166300000800191650001100199700001800210221030s9999 xx 000 0 und d a0074622455 aEnglish a105.23bMil aJ. Millman 0aIntegrated Electronics : Analog and Digital Circuits & Systems bTMHaNew Delhic2002 a910 aBB ECE aC. C. Halkias